Quality conformance and qualification of microelectronic packages and interconnects / (Record no. 6051)

MARC details
000 -LEADER
fixed length control field 01318nac a22003131u 4500
010 ## - LIBRARY OF CONGRESS CONTROL NUMBER
LC control number 93009709
020 ## - INTERNATIONAL STANDARD BOOK NUMBER
International Standard Book Number 0471594369 (alk. paper) :
082 00 - DEWEY DECIMAL CLASSIFICATION NUMBER
Classification number 621.381046
Item number PEC
090 ## - LOCALLY ASSIGNED LC-TYPE CALL NUMBER (OCLC); LOCAL CALL NUMBER (OCLC)
-- 6051
-- 6051
100 ## - MAIN ENTRY--PERSONAL NAME
Personal name Pecht, Michael.[ed.]
245 00 - TITLE STATEMENT
Title Quality conformance and qualification of microelectronic packages and interconnects /
Statement of responsibility, etc edited by Michael Pecht ... [et al.].
260 ## - PUBLICATION, DISTRIBUTION, ETC. (IMPRINT)
Place of publication, distribution, etc New York :
Name of publisher, distributor, etc Wiley,c1994.
Date of publication, distribution, etc c1994.
300 ## - PHYSICAL DESCRIPTION
Extent xxxiii, 461 p. :
Other physical details ill. ;
Dimensions 25 cm.
500 ## - GENERAL NOTE
General note "A Wiley-Interscience publication."
500 ## - GENERAL NOTE
General note Distributer: Al-Ahram.
504 ## - BIBLIOGRAPHY, ETC. NOTE
Bibliography, etc Includes bibliographical references (p. 419-450) and index.
511 ## - PARTICIPANT OR PERFORMER NOTE
Participant or performer note Catalogued By: Mahitab.
650 #0 - SUBJECT ADDED ENTRY--TOPICAL TERM
Topical term or geographic name as entry element Electronic packaging
General subdivision Defects.
650 #0 - SUBJECT ADDED ENTRY--TOPICAL TERM
Topical term or geographic name as entry element Electronic packaging
General subdivision Quality control.
650 #0 - SUBJECT ADDED ENTRY--TOPICAL TERM
Topical term or geographic name as entry element Electronic packaging
General subdivision Testing.
650 #0 - SUBJECT ADDED ENTRY--TOPICAL TERM
Topical term or geographic name as entry element Quality assurance.
700 1# - ADDED ENTRY--PERSONAL NAME
Personal name Dasgupta, Abhijit.
700 1# - ADDED ENTRY--PERSONAL NAME
Personal name Evans, John W.
700 1# - ADDED ENTRY--PERSONAL NAME
Personal name Evans, Jillian Y.
856 42 - ELECTRONIC LOCATION AND ACCESS
Materials specified Contributor biographical information
Uniform Resource Identifier <a href="http://www.loc.gov/catdir/bios/wiley041/93009709.html">http://www.loc.gov/catdir/bios/wiley041/93009709.html</a>
856 42 - ELECTRONIC LOCATION AND ACCESS
Materials specified Publisher description
Uniform Resource Identifier <a href="http://www.loc.gov/catdir/description/wiley032/93009709.html">http://www.loc.gov/catdir/description/wiley032/93009709.html</a>
856 42 - ELECTRONIC LOCATION AND ACCESS
Materials specified Table of Contents
Uniform Resource Identifier <a href="http://www.loc.gov/catdir/toc/onix03/93009709.html">http://www.loc.gov/catdir/toc/onix03/93009709.html</a>
942 ## - ADDED ENTRY ELEMENTS (KOHA)
Item type Book - Borrowing
Call number prefix 621.381046PEC
Holdings
Withdrawn status Item status Damaged status Not for loan Home library Current library Shelving location Date acquired Source of acquisition Total Checkouts Full call number Barcode Date last seen Koha item type
        Central Library Central Library First floor 07/11/2012 Purchase   621.381046PEC 000007681 15/07/2025 Book - Borrowing